00589nam a2200181Ia 4500008004000000020001800040082001500058100001700073245003900090250000500129260003300134300001100167650003200178690001300210906001100223999001900234952015400253210210b2002 xxu||||| |||| 00| 0 eng d a81 272 0353 x a575.1 KHAG aKHANNA (V K) aGenetics: Numerical problems. Ed 2 a aLudiana.bKalyani Pub.c2002 ax, 244 aGenetics Numerical Problems aGenetics a058740 c106102d106102 001040708BiologyaALbALcGeneticsd2021-02-17eSchool Book Company, Mangalore.g75.00l0o575.1 KHAGp058740r2021-02-17 00:00:00w2021-02-17yBK